00326nam a2200121Ia 4500008004100000041000800041082001200049100001900061245006200080260002600142300002900168365000700197240624s9999 xx 000 0 und d aeng a920 PIS aPISTONO MATTEO aIN THE SHADOW OF THE BUDDHA SECRET JOURNEYS AND SPIRITUA  c2011bHay House India ax, : 272 : p. : cm. ; 22 cRS